Pays en fonction de leurs îles #2 - Statistiques

Statistiques générales
  • Ce quiz a été pris 49 fois
  • Le résultat moyen est 8 sur 30
Statistiques - réponses
Hint Réponse % Correct
Tenerife Espagne
98%
Guernesey Royaume-Uni
81%
Christmas Australie
54%
Aland Suède
50%
Pico Portugal
42%
Sulawesi Indonésie
38%
Gozo Malte
35%
Pantellaria Italie
33%
Saint-Eustache Pays-Bas
33%
Gorée Sénégal
33%
Mindanao Philippines
31%
Cheju Corée du Sud
25%
Jarvis Etats-Unis
21%
Saaremaa Estonie
19%
Bassas da India France
19%
Minami Tori Japon
19%
Nouvelle-Irlande Papouasie-Nouvelle-Guinée
19%
Boa Vista Cap-Vert
17%
Fionie Danemark
17%
Vestmannaeyar Islande
17%
Robinson Crusoé Chili
15%
Nosy Be Madagascar
15%
Ours Norvège
15%
Campbell Nouvelle-Zélande
15%
Martin Vaz Brésil
8%
Coco Costa Rica
8%
Wenman Equateur
6%
Vostok Kiribati
6%
Cargados Carajos Ile Maurice
4%
Pagalu Guinée Equatoriale
0%
Aucun quiz correspondant
Distribution des résultats
% des personnes avec chaque résultat
Percentile par nombre de réponses
Votre historique - résultats
Vous n’avez pas pris ce quiz